000 00688nam a2200289Ia 4500
005 20260324115334.0
008 008 260324s9999 xx 000 0 eng d
020 _a9780429487583
037 _aEBOOK
040 _aCRL
040 _beng
040 _cCRL
041 _2eng
041 _aeng
084 _qCRL
100 _aRavindra Das
_91143501
245 4 _aThe Science of Biometrics
245 0 _bSecurity Technology for Identity Verification
260 _bTaylor and Francis
260 _c2018
365 _a
365 _b280
856 _uhttp://www.taylorfrancis.com/books/9780429487583
942 _cEBOOK
999 _c1745098
_d1745098